01655nam a2200277 a 4500001001000000005001700010008004100027041000800068044000800076084002000084100004500104245016700149260003400316300003700350500026500387500029500652500012000947500001001067546002401077650005201101650005601153650003401209650004501243700003901288740005001327BRCA_324120190320204200.0110309s1810----enka---###---#000-0#eng-# aeng aenk a542b.M55c18101 aCervantes Saavedra, Miguel ded1547-161610aThe Life and Exploits of the Ingenious Gentleman Don Quixote de la ManchacTranslated from the Original Spanish of Miguel de Cervantes Saavedra by Charles Jarvis. aLondresbWilliam Millerc1810 a4 v.bil.c20 cm.emapa plegable aContenido : v.1. Primera parte. Retrato de Cervantes. Prefacio del editor. Vida de Cervantes. Plan cronológico por V. de los Ríos. Mapa de España. Prólogo del autor. Notas. -- v.2. Texto. -- v.3. Segunda parte. Prólogo del autor. Notas. -- v.4. Texto aEdición : Now Carefully Revised and Corrected whith a new Tranaslation of the Spanish Poetry to which is Prefixed a Copious and new Life of Cervantes; Incluiding a Critique on the Quixote, also a Chronological Plan on the Work Embellished with a new Engravings an a Map of a Part of Spain aReimpresión de la edición de 1801 del mismo editor. Piel; planos y lomos decorados con dorados Lúdovik Osterc aQM436 aTexto en : inglés14aNovela españolayÉpoca clásica, 1500-170014aLiteratura españolayÉpoca clásica, 1500-170014aNovela españolaySiglo XVII14aDon Quijote (Personaje ficticio)eNovela1 aJarvis, Charlesd?-1739eTraductor0 aEl Ingenioso Hidalgo Don Quijote de la Mancha